| 000 | 00000nam##2200000za#4500 |
| 001 | 9.578959 |
| 003 | CaOODSP |
| 005 | 20210624190332 |
| 007 | cr ||||||||||| |
| 008 | 150406|1991||||xxc|||||o f|0| 0 eng|d |
| 022 | |a1488-5379 |
| 040 | |aCaOODSP|beng |
| 043 | |an-cn--- |
| 086 | 1 |aFs97-6/1826E-PDF |
| 110 | 1 |aCanada. |bDepartment of Fisheries and Oceans. |
| 245 | 14|aThe distribution of nutrients, suspended solids, dissolved and particulate metals in Halifax Harbour / |h[electronic resource]|cby J.A. Dalziel, B.P. Amirault, and R.T.T. Rantala. |
| 260 | |aDartmouth - Nova Scotia : |bFisheries and Oceans Canada |c1991. |
| 300 | |a66p.|bfigs., references, tables |
| 490 | 1 |aCanadian technical report of fisheries and aquatic sciences|x1488-5379|vNo. 1826 |
| 500 | |aOn t.p.: Bedford Institute of Dartmouth, Nova Scotia. The catalogue number and ISSN for the print edition appear in the PDF version. |
| 546 | |a(Résumé en français) |
| 590 | |a14-05-Supp|b2014-02-26 |
| 720 | 1 |aAmirault, B. P. |
| 720 | 1 |aDalziel, J. A. |
| 720 | 1 |aRantala, R. T. T. |
| 830 | #0|aCanadian technical report of fisheries and aquatic sciences,|x1488-5379|vNo. 1826|w(CaOODSP)9.504449 |
| 856 | 40|ahttp://publications.gc.ca|qPDF|s3098 KB|uhttps://publications.gc.ca/collections/collection_2014/mpo-dfo/Fs97-6-1826-eng.pdf|yNo. 1826 |